000 00454nam a2200181Ia 4500
001 14977
005 20260306164954.0
008 260306t2018||||xx |||||||||||||| ||spa||
041 _aESP
082 _a519.53
_bG91
100 _aRamos Quispe, Luz Marina
_eAUT
245 0 _aGuía de práctica de estadística y probabilidades
260 _c2018
300 _a286 páginas :
_c30 cm.
650 _aGEN
654 _aCMA
942 _cLIB
_dJUS
_fJUS
_2ddc
_n
999 _c14977
_d14977